| 000 | 003940000a22001330004500 | ||
|---|---|---|---|
| 090 |
_aMM _b00227 |
||
| 245 | 1 | 0 | _aIntroducción y transplante de especies del recurso hídrico |
| 300 | _aCD-ROM | ||
| 041 | 0 | _aEspañol | |
| 044 | _aColombia | ||
| 110 | 1 |
_aInstituto de Investigación de Recursos Biológicos Alexander von Humboldt _9204 |
|
| 260 |
_aBogotá _bInstituto Humboldt |
||
| 942 | _cCD-ROM | ||
| 999 |
_c16610 _d16610 |
||